000 00531nam a2200181Ia 4500
003 IN-BaIIA
008 211028s9999 xx 000 0 eng d
040 _cIIA Library
080 _a533.5
_bROB
100 _aRobinson, Norman W
_96760
245 4 _aThe physical principles of ultra-high vacuum systems and equipment
_cNorman W. Robinson
260 _aLondon
_bChapman and Hall
_c1968
300 _aix, 270p.
490 _aHigh-vacuum series
650 _aVacuum physics
_92238
650 _aVacuum technology
_96761
942 _cBK
999 _c3808
_d3808